All 80+ Rated Italian Players On Fifa 21 - Statistics

General Stats
  • This quiz has been taken 164 times
  • The average score is 17 of 23
Answer Stats
Rating Pos. Club Player % Correct
87 ST Lazio Ciro Immobile
100%
87 CB Juventus Giorgio Chiellini
98%
85 CB Juventus Leonardo Bonucci
97%
86 CM PSG Marco Verratti
97%
85 GK Milan Gianluigi Donnarumma
96%
85 LW Napoli Lorenzo Insigne
94%
83 CM Chelsea Jorginho
92%
82 GK Juventus Gianluigi Buffon
86%
84 GK Torino Salvatore Sirigu
78%
80 CM Inter Nicolo Barella
77%
83 CB Milan Alessio Romagnoli
74%
83 CB Lazio Francesco Acerbi
71%
82 GK Genoa Mattia Perin
70%
80 ST Torino Andrea Belotti
67%
80 RM Sassuolo Domenico Berardi
67%
80 ST Sampdoria Fabio Quagliarella
60%
80 CAM Juventus Federico Bernardeschi
54%
81 RM Napoli Mateo Politano
54%
81 GK Sassuolo Andrea Consigli
52%
81 GK Cagliari Alessio Cragno
50%
81 RM Lazio Manuel Lazzari
45%
80 CB Stade Rennes Daniele Rugani
42%
80 CAM Al Hilal Sebastian Giovinco
42%
No matching quizzes found
Score Distribution
Percent of People with Each Score
Percentile by Number Answered
Your Score History
You have not taken this quiz